| 000 | 02031nam0a2200337 4500 | ||
|---|---|---|---|
| 001 | RU\NLR\BIBL_A\012368225 | ||
| 005 | 20201009164111.0 | ||
| 010 |
_a978-5-93105-429-2 _9300 |
||
| 021 |
_aRU _bКН-П-20-033549 _9КН-П-20-2569 |
||
| 035 | _a(NLR Aleph) 012368225 | ||
| 035 | _a(RuMoRGB)010356516 | ||
| 090 |
_a11563739 _c11563739 |
||
| 100 | _a20201002d2020 u y0rusy50 ca | ||
| 101 | 0 | _arus | |
| 102 | _aRU | ||
| 105 | _aa zzjz||000zy | ||
| 181 | 0 |
_ai _baxxe |
|
| 182 | 0 | _an | |
| 200 | 1 |
_aКраткий опорный конспект "Экономика в схемах" для студентов заочной формы обучения _eучебное пособие _e[для студентов по направлению подготовки 21.05.06 "Нефтегазовые техника и технология" заочной формы обучения по дисциплине "Экономика"] _fР. М. Шайдуллина _gМинистерство науки и высшего образования Российской Федерации, Филиал Федерального государственного бюджетного образовательного учреждения высшего образования "Уфимский государственный нефтяной технический университет" в г. Октябрьском |
|
| 203 |
_aТекст _bвизуальный _cнепосредственный |
||
| 210 |
_aУфа _cИзд-во УГНТУ _d2020 |
||
| 215 |
_a98, [1] с. _cил., табл. _d21 |
||
| 320 | _aБиблиогр.: с. 98 (9 назв.) | ||
| 606 | 1 |
_aЭкономика _jУчебные издания для заочного обучения _91414491 _3RU\NLR\AUTH\66284709 |
|
| 686 | 1 | _aУ.я738 | |
| 700 | 1 |
_aШайдуллина _bР. М. _gРимма Макмуновна |
|
| 942 | _cBOOK | ||
| 980 | _aNBR | ||
| 980 | _aNB | ||